|
|
|
|
| LEADER |
00000nam0a2200000 4500 |
| 001 |
51180 |
| 005 |
20231031034843.0 |
| 035 |
|
|
|a (RuTPU)RU\TPU\book\53582
|
| 090 |
|
|
|a 51180
|
| 100 |
|
|
|a 20030425d1979 m y0rusy50 ca
|
| 101 |
0 |
|
|a rus
|
| 102 |
|
|
|a UA
|
| 105 |
|
|
|a a j 001zy
|
| 200 |
1 |
|
|a Электротехнологические промышленные установки
|e учебное пособие для вузов
|f Е. П. Фомичев
|
| 210 |
|
|
|a Киев
|c Вища школа
|d 1979
|
| 215 |
|
|
|a 262 с.
|c ил.
|
| 320 |
|
|
|a Библиогр.: с. 258-260
|
| 610 |
1 |
|
|a электроснабжение
|
| 610 |
1 |
|
|a электротехнологические промышленные установки
|
| 610 |
1 |
|
|a электротехнология
|
| 610 |
1 |
|
|a электрические печи
|
| 610 |
1 |
|
|a индукционный нагрев
|
| 610 |
1 |
|
|a электрический нагрев
|
| 610 |
1 |
|
|a дуговые печи
|
| 610 |
1 |
|
|a электронно-лучевые печи
|
| 610 |
1 |
|
|a электрошлаковые печи
|
| 610 |
1 |
|
|a электролизные установки
|
| 610 |
1 |
|
|a электрическая сварка
|
| 610 |
1 |
|
|a установки
|
| 610 |
1 |
|
|a обработка материалов
|
| 610 |
1 |
|
|a ультразвуковые установки
|
| 610 |
1 |
|
|a обработка давлением
|
| 610 |
1 |
|
|a электронно-ионная технология
|
| 610 |
1 |
|
|a учебные пособия
|
| 675 |
|
|
|a 621.365(075.8)
|v 3
|
| 675 |
|
|
|a 621.9.04(075.8)
|v 3
|
| 700 |
|
1 |
|a Фомичев
|b Е. П.
|g Евгений Павлович
|
| 801 |
|
1 |
|a RU
|b 63413507
|c 20030425
|g PSBO
|
| 801 |
|
2 |
|a RU
|b 63413507
|c 20210906
|g PSBO
|
| 900 |
|
|
|a Электротехнологические промышленные установки
|
| 942 |
|
|
|c BK
|